| 000 | 00471nam a2200181Ia 4500 | ||
|---|---|---|---|
| 003 | GCL | ||
| 008 | 140319s9999 xx 000 0 eng d | ||
| 040 |
_aGCL / _cGCL |
||
| 082 | 0 | 4 |
_a591.51 _bF B |
| 100 | 1 | _aFRASER,ANDRAW F | |
| 245 | 1 | 0 |
_aTHE BEHAVIOUR OF THE HORSE / _cFRASER,ANDRAW F |
| 260 |
_a[S.N] : _bC. A. B INTERNATIONAL ، _c1992 |
||
| 300 | _a288 PP | ||
| 650 | 0 | 4 | _aANIMAL BEHAVIOR |
| 650 | 0 | 4 | _aANIMAL PSYCHOLOGY |
| 650 | 0 | 4 | _aHORES |
| 942 |
_2ddc _cBK |
||
| 999 |
_c16664 _d16664 |
||